000 00722nmm a2200265 a 4500
003 AR-BaBNM
005 20251128204653.0
008 246019s1994 ||||||||||||||000 | spa||
020 _a950-9693-32-4
040 _cAR-BaBNM
100 0 _aLobodón Garra
245 1 0 _aRío abajo
_bel drama de los montes y los esteros de las islas del Ibicuy
250 _a4ª ed.
260 _aBuenos Aires
_bEdiciones Cinco
_c1994
300 0 _a223 p.
_bil.
500 0 _aContiene índice de los textos en p. 223
650 4 _aLITERATURA ARGENTINA
650 4 _aCUENTOS
650 4 _aLITERATURA POPULAR
650 4 _aLITERATURA FOLKLORICA
651 4 _aEntre Ríos
655 _aLITERATURA
942 _cBK
998 _cisola
999 _c8326
_d8326